A Lamb selection : (Record no. 22766)
[ view plain ]
| 000 -LEADER | |
|---|---|
| fixed length control field | 00899nam a22002772a 4500 |
| 001 - CONTROL NUMBER | |
| control field | 22766 |
| 003 - CONTROL NUMBER IDENTIFIER | |
| rucl marc code | BD-RjUL |
| 005 - DATE AND TIME OF LATEST TRANSACTION | |
| control field | 20250708152129.0 |
| 008 - FIXED-LENGTH DATA ELEMENTS--GENERAL INFORMATION | |
| fixed length control field | 140309s1965 enk b 000 0 eng d |
| 035 ## - SYSTEM CONTROL NUMBER | |
| System control number | (BD-RjUL)22831 |
| 040 ## - CATALOGING SOURCE | |
| Original cataloging agency | COD |
| Transcribing agency | COD |
| Modifying agency | UKM |
| -- | EQO |
| -- | BD-RjUL |
| Language of cataloging | eng |
| 041 ## - LANGUAGE CODE | |
| Language code of text/sound track or separate title | eng |
| 082 ## - DEWEY DECIMAL CLASSIFICATION NUMBER | |
| Edition number | 18 |
| Classification number | 824.7 |
| Author mark and year | LAL 1965 |
| 100 1# - MAIN ENTRY--PERSONAL NAME | |
| Personal name | Lamb, Charles, |
| Dates associated with a name | 1775-1834. |
| 9 (RLIN) | 70230 |
| 245 12 - TITLE STATEMENT | |
| Title | A Lamb selection : |
| Remainder of title | letters and essays / |
| Statement of responsibility, etc. | edited with an introduction and notes by F.B. Pinion |
| 260 ## - PUBLICATION, DISTRIBUTION, ETC. (IMPRINT) | |
| Place of publication, distribution, etc. | London ; |
| Name of publisher, distributor, etc. | Macmillan ; |
| Place of publication, distribution, etc. | New York : |
| Name of publisher, distributor, etc. | St. Martin's, |
| Date of publication, distribution, etc. | 1965. |
| 300 ## - PHYSICAL DESCRIPTION | |
| Pagination | xliv, 219 p. ; |
| Size | 19 cm |
| 490 1# - SERIES STATEMENT | |
| Series statement | Macmillan's English classics |
| 504 ## - BIBLIOGRAPHY, ETC. NOTE | |
| Bibliography, etc | Bibliography : p. [220] |
| 650 ## - SUBJECT ADDED ENTRY--TOPICAL TERM | |
| Topical term or geographic name as entry element | English literature -- History and criticism. |
| 9 (RLIN) | 59149 |
| 700 1# - ADDED ENTRY--PERSONAL NAME | |
| Personal name | Pinion, F. B. |
| 830 #0 - SERIES ADDED ENTRY--UNIFORM TITLE | |
| Uniform title | Macmillan's English classics |
| 942 ## - ADDED ENTRY ELEMENTS (KOHA) | |
| Source of classification or shelving scheme | Dewey Decimal Classification |
| Koha item type | Books |
| Lost status | Source of classification or shelving scheme | Damaged status | Not for loan | Collection code | Permanent Location | Current Location | Shelving location | Date acquired | Source of acquisition | Cost, normal purchase price | Full call number | Date last seen | Copy number | Koha item type | Total Checkouts |
|---|---|---|---|---|---|---|---|---|---|---|---|---|---|---|---|
| Dewey Decimal Classification | Not For Loan | Fiction | Central Library, University of Rajshahi | Central Library, University of Rajshahi | Reading Room | 17/09/1968 | Zeitlinger | 9.00 | 824.7 LAL 1965 | 09/03/2014 | C-1 | Books | |||
| Dewey Decimal Classification | Fiction | Central Library, University of Rajshahi | Central Library, University of Rajshahi | General Stacks | 17/09/1968 | Zeitlinger | 9.00 | 824.7 LAL 1965 | 31/01/2017 | C-2 | Books | ||||
| Dewey Decimal Classification | Fiction | Central Library, University of Rajshahi | Central Library, University of Rajshahi | General Stacks | 17/09/1968 | Zeitlinger | 9.00 | 824.7 LAL 1965 | 08/07/2025 | C-3 | Books | ||||
| Dewey Decimal Classification | Fiction | Central Library, University of Rajshahi | Central Library, University of Rajshahi | General Stacks | 17/09/1968 | Zeitlinger | 9.00 | 824.7 LAL 1965 | 08/07/2025 | C-4 | Books |